|
|
|
|
| LEADER |
01272nam a2200289 i 4500 |
| 001 |
10049130 |
| 003 |
GR-PaULI |
| 005 |
20210117200357.0 |
| 008 |
031215s2002 us eng d |
| 952 |
|
|
|0 0
|1 0
|2 ddc
|4 0
|6 100_000000000000000_CYB
|7 0
|9 40330
|a PHIL
|b PHIL
|d 2016-04-24
|i 4588
|l 0
|o 100 CYB
|p 025000114053
|r 2016-04-24 00:00:00
|t 1
|w 2016-04-24
|y BK15
|
| 999 |
|
|
|c 25927
|d 25927
|
| 020 |
|
|
|a 1405100737
|
| 040 |
|
|
|a GR-PaULI
|c GR-PaULI
|b gre
|e AACR2
|
| 041 |
0 |
|
|a eng
|
| 082 |
0 |
4 |
|a 100
|
| 245 |
1 |
0 |
|a Cyberphilosophy:
|b the intersection of philosophy and computer /
|c edited by H. Moor and Terrell Ward Bynum.
|
| 260 |
|
|
|a Malden :
|b Blackwell,
|c 2002.
|
| 300 |
|
|
|a vi, 308 σ. :
|b σχημ. ;
|c 23 cm.
|
| 490 |
0 |
|
|a Metaphilosophy series in philosophy
|
| 504 |
|
|
|a Περιλαμβάνει βιβλιογραφία και ευρετήριο.
|
| 650 |
|
4 |
|9 178777
|a Φιλοσοφία
|x Επεξεργασία δεδομένων.
|
| 700 |
1 |
|
|a Moor, James H.
|9 40756
|e επιμελητής.
|
| 700 |
1 |
|
|a Bynum, Terrell
|9 28443
|e επιμελητής.
|
| 760 |
0 |
|
|a Metaphilosophy series in philosophy
|
| 852 |
|
|
|a GR-PaULI
|b ΠΑΤΡΑ
|b ΦΙΛΟΣΟΦΙΑ
|k ΑΣΧΞ-4
|h 100 Μ
|m 4588
|p 025000114053
|t 1
|
| 942 |
|
|
|2 ddc
|c BK15
|
| 998 |
|
|
|c ΚΑΝΕΛΛΟΠΟΥΛΟΥ ΓΕΩΡΓΙΑ
|d 2019-11
|